000 00262nam a22001217a 4500
999 _c166298
_d166298
082 _a
_b
100 _aAntony Beevor
245 _aThe second world war/
_cby Antony Beevor.
260 _a
_bWeldenfeld,
_c2012.
300 _a863p.
650 _a
942 _cBK